000 00570nam a2200169 4500
999 _c507921
_d507921
008 190301b ||||| |||| 00| 0 eng d
100 _aOlson, Adam
_92780
245 _aReturn of the "rightful remedy":
_bPartisan federalism, resource availability, and nullification legislation in the American states
260 _c2018
300 _ap.495-522.
650 _aFederalism - U.S.A.
_92781
700 _aCallaghan, Timonthy
_92782
700 _aKarch, Andrew
_92783
773 _aPublius: The Journal of Federalism
906 _aFederalism - U.S.A.
942 _2ddc
_cAR